00925nam a22002417a 450000500170000001000130001702000230003003500130005303700160006604000120008208200180009410000310011224501350014324601190027826000640039727000870046130000190054865000230056765000230059065000240061365000160063770000300065320170123162319.0 aB-097968 c250.00a8182230381 aB-097968 bCen Lib/Ret aDPLbUR aنb ن ز ر aنذر سجاّد حىدر aحرماں نصىب، آه مظلوماں : cنذر سجاّد حىدر ؛ مرتبّه، قرةالعىن حىدرbناول / aḤurmān̲ naṣīb, Āh-i maẓlūmān̲ : nāvil /bby Nazar Sajjad Hyder ; edited by Qurratul-ain-Hyder  a دہلیbاىجوکىشنل پبلشنگ هاؤسc2004 a٣٠١٨، گلی وکیل کوچہ پنڈت، لال کوان b دہلیe110006 a93p.c21cm(Hb) a ادب - اردو a اردو ناول aLiterature -- Urdu  aUrdu novel  aقرةالعىن حىدر